UniPM FHI 2025 naprojektuj si svoju budúcnosť

Enregistré dans:
Détails bibliographiques
Collectivités auteurs: UniPM FHI Naprojektuj si svoju budúcnosť. Vedecká konferencia, Ekonomická univerzita v Bratislave. Fakulta hospodárskej informatiky, Slovenská spoločnosť pre hospodársku informatiku
Autres auteurs: Zelinová, Silvia, 1987-, Kušnírová, Jana, 1977-, Haringa, Ivan
Format: Livre
Langue:slovaque
anglais
Publié: Bratislava Vydavateľstvo EKONÓM 2025
Édition:1. vydanie
Sujets:
Tags: Ajouter un tag
Pas de tags, Soyez le premier à ajouter un tag!

MARC

LEADER 00000nam a2200000 4500
001 0314283
005 20260121121426.5
020 |a 978-80-225-5287-5 
041 0 |a slo 
041 0 |a eng 
044 |a SK 
245 1 0 |a UniPM FHI 2025  |b naprojektuj si svoju budúcnosť  |c zostavovateľ zborníka: Silvia Zelinová ; recenzenti: Jana Kušnírová, Ivan Haringa 
250 |a 1. vydanie 
264 1 |a Bratislava  |b Vydavateľstvo EKONÓM  |c 2025 
300 |a 129 s. [6,5 AH] 
610 2 0 |a riadenie projektové 
610 2 0 |a vzdelávanie 
610 2 0 |a výučba vedecká 
610 2 0 |a inovácie technologické 
610 2 0 |a inteligencia umelá 
610 2 0 |a modelovanie 
610 2 0 |a aktuárstvo 
700 1 |a Zelinová, Silvia, 1987- 
700 1 |a Kušnírová, Jana, 1977- 
700 1 |a Haringa, Ivan 
110 2 |a UniPM FHI Naprojektuj si svoju budúcnosť. Vedecká konferencia 
710 2 |a Ekonomická univerzita v Bratislave. Fakulta hospodárskej informatiky 
710 2 |a Slovenská spoločnosť pre hospodársku informatiku